Quizzes
Events
Quiz Creation
Community
Videos
Private Events
Remove Ads
Sign In
Join for FREE
Feedback
Dark Mode
Quiz Categories
Sports
Geography
Music
Movies
Television
Just For Fun
Miscellaneous
History
Literature
Language
Science
Gaming
Entertainment
Religion
Holiday
For Kids
Quiz Lab
Recent
Popular Today
Quiz Kudos Today
Editor Picks
Curator Picks
Quizzes by...
Day
Popularity
Type
Ratings
Length
Year
Community
Subscriptions
Recent Discussions
Orange Saloon
Badges
Playlists
Quests
Create
Leaderboards
Showdown
Live 5
Trivia Bingo
Activity
Puzzle Library
Sporcle Events
Private Events
Virtual Trivia
Globe League
Become a Host
Pub Owners
SporcleCon
Opinionation
Our Games
Videos
Blog
Mobile Apps
Partnerships
Remove Ads and Go Orange
Feedback
Television
TV Characters
TV Show
Sitcom
Network
Friends
Reality Shows
Cast
South Park
Star Trek
The Simpsons
Doctor Who
Television
TV Characters
TV Show
Sitcom
Network
Friends
Reality Shows
Cast
South Park
Star Trek
The Simpsons
Doctor Who
Random Quiz
Search Sporcle
×
Quiz Lab
Quiz Lab
Television
Blitz
Select answers by clicking on text or image buttons
Select answers by clicking on text or image buttons
Clickable
Best Score? Go Orange.
Sitcom Characters Sorting Blitz Stats
Can you pick the Sitcom characters in the repeated order of How I Met Your Mother- Friends- That 70s' Show - Friends?
By
ts1009
90s
32 Questions
2,604 Plays
2,604 Plays
2,604 Plays
Comments
Comments
Give Quiz Kudos
Give Quiz Kudos
-
- Ratings
hide this ad
Forced Order
Answers have to be entered in order
Answers have to be entered in order
Replay
Link that replays current quiz
Next Quiz
Link to next quiz in quiz playlist
You Got
0%
They Got
Avg Score
64%
Avg Friend Score
Upgrade to see
Score Distribution
Jump to the score distribution portion of the page
Score
0/32
Timer
01:30
0
Plays Today
% Correct
Barney Stinson
93.5%
Chandler Bing
80.8%
Joey Tribbiani
73.5%
Gunther
73.4%
Rachel Green
71.3%
Monica Geller
71.1%
Lily Aldrin
70.9%
Marshall Eriksen
70.6%
Phoebe Buffay
70%
Robin Scherbatsky
68.9%
Donna Pinciotti
68.6%
Ted Mosby
67.4%
Eric Forman
66.8%
Michael Kelso
66.7%
Fez
66.3%
Ross Geller
65.6%
% Correct
Jackie Burkhart
64.7%
Carol Willick
64.7%
Fun Bobby
64.5%
Janice Litman-Goralnik
62.2%
Steven Hyde
60.6%
Ugly Naked Guy
60.3%
Estelle Leonard
60.2%
Mike Hannigan
58.6%
Richard Burke
57.1%
Ranjit
52.6%
Stella Zinman
52.4%
Mr. Heckles
52.1%
Big Rhonda
51.2%
Blah Blah
50.7%
Susan Bunch
49.4%
Leo
46%
Quiz Playlist
Details
Report
Send in Message
Add To Playlist
Clickable:
Select answers by clicking on text or image buttons
Forced Order:
Answers have to be entered in order
Last Updated: Feb 16, 2017
Quiz Scoreboard
CHALLENGE
Sign Up to Join the Scoreboard
Show All
Scores
Hide
Comments
May contain spoilers
Recently Published
Billboard Blitz: Fleetwood Mac
by CooCooCachoo
Music
15s
Presidents Visiting Landmarks
by Hejman
History
7m
An Introduction to Baseball
by treessimontrees
Sports
5m
More to Explore
Quiz From the Vault
Featured Blog Post
Where Did the Easter Bunny Come From?
hide this ad
You Might Also Like...
Tags
Blitz Quiz
Friends Quiz
Sitcom Quiz
TV Show Quiz
Fictional Characters
Friends Characters
HIMYM
How I Met Your Mother
sort
That '70s Show
US Sitcoms
Today's Top Quizzes in Television
Browse Television
hide this ad
Today's Top Quizzes in Blitz
Browse Blitz
Top Contributed Quizzes in Television
1
5-to-1: The Simpsons Families
2
5-to-1: Television Doctors
3
7-to-1: TV Show Settings
4
One Piece Logic Puzzle
5
5-to-1: Streaming Originals
6
Survivor Seasons
7
Survivor Logic Puzzle: Heroes vs. Villains
8
TV Shows by First Names
9
Survivor Season by Logo
10
Survivor Trivia
Explore More
Trending Topics
Disney
Kpop
Anime
Marvel
Crossword
NBA
Harry Potter
Song
The Office
WWE
NFL
Puzzle
Country
Soccer
Pokémon
hide this ad
More By:
ts1009
Quiz
Plays
Rating
Category
Featured
Created
10 to 1 Grab Bag Europe
95,740
4.57
Geography
Mar 26, 2016
FRIENDS Logic Puzzle
35,450
3.04
Television
Nov 28, 2017
Traffic Light Colors Blitz
27,869
4.34
Just For Fun
Sep 21, 2015
European Countries Logic Puzzle V
12,217
4.33
Geography
Nov 23, 2017
European Countries Logic Puzzle I
11,498
3.97
Geography
Apr 26, 2017
Go to Creator's Profile
Score Distribution
Quiz Creator Spotlight
ts1009
Follow
Send a Message
Quizzes Created
-
Created Quiz Play Count
-
More By This Creator
Popular Quizzes Today
1
Find the US States - No Outlines Minefield
2
Find the Countries of Europe - No Outlines Minefield
3
The Countries of the World
4
Find the US States
5
US States
6
Popular People in 1961
7
Risky Map Clicking: Biggest States A-Z
8
Movies - When Are They Set?
More Television Quizzes
Buffay Family Tree
Quiz Lab
Trending Quizzes
Risky Map Clicking: Least Populous States A-Z
1-10 Letter G Words
1-10 Letter F Words
Risky Map Clicking: Next State Alphabetically
Risky Map Clicking: Biggest States A-Z
Recently Updated
Leaping Animals
pecheneg
Reality TV Shows (A-Z)
bhenderson79
Rickey Henderson's Hall of Fame Teammates
pecheneg
Champions League XIs: Arsenal
pecheneg
Quick Pick: Celebrities in WWE's Hall of Fame
aduchscher
A-Z Keypad Blitz II
pecheneg
Multiple Oscar Actors
pecheneg
Mystery Phrase Blitz: Oscar 'Best Actors'
pecheneg
F. Scott Fitzgerald Novels
LTH
Pick 3 Villains
ddd62291
Trending Topics
Disney
Crossword
Marvel
Harry Potter
NBA
Kpop
Anime
WWE
Song
Country
NFL
The Office
Pokémon
Puzzle
Soccer
Your Account Isn't Verified!
In order to create a playlist on Sporcle, you need to verify the email address you used during registration. Go to your
Sporcle Settings
to finish the process.
Report this User
Report this user for behavior that violates our
Community Guidelines
.
Details:
Send Report
Go to the Sporcle.com Mobile Site →
Comments